000 00280nam a22000977a 4500
008 230609b |||||||| |||| 00| 0 eng d
020 _a9780603579738
100 _aBrallier Max
_97685
245 _aThe Last Kids on Earth and the Skeleton Road-7
260 _aUnited States
_bViking
_c2015
999 _c12326
_d12326